What researchers say on Sri Shirdi Sai Baba / (Record no. 124572)

MARC details
000 -LEADER
fixed length control field 00710nam a22002537a 4500
003 - CONTROL NUMBER IDENTIFIER
control field dpl
005 - DATE AND TIME OF LATEST TRANSACTION
control field 20170816122348.0
008 - FIXED-LENGTH DATA ELEMENTS--GENERAL INFORMATION
fixed length control field 170816b xxu||||| |||| 00| 0 eng d
010 ## - LIBRARY OF CONGRESS CONTROL NUMBER
LC control number A-770264
020 ## - INTERNATIONAL STANDARD BOOK NUMBER
Terms of availability 80.00
International Standard Book Number 8185880859
035 ## - SYSTEM CONTROL NUMBER
System control number A-770364
037 ## - SOURCE OF ACQUISITION
Source of stock number/acquisition Cen Lib/Ret
040 ## - CATALOGING SOURCE
Original cataloging agency DPL
Language of cataloging EN
Transcribing agency MD
082 ## - DEWEY DECIMAL CLASSIFICATION NUMBER
Classification number 239
Edition number WHA
245 ## - TITLE STATEMENT
Title What researchers say on Sri Shirdi Sai Baba /
Statement of responsibility, etc edited by S.P. Ruhela
260 ## - PUBLICATION, DISTRIBUTION, ETC. (IMPRINT)
Place of publication, distribution, etc New Delhi
Name of publisher, distributor, etc M D publications
Date of publication, distribution, etc 1995
270 ## - ADDRESS
City New Delhi
Address 11, Daryaganj
Postal code 110002
300 ## - PHYSICAL DESCRIPTION
Extent 137p.
Dimensions 20cm(Hb)
500 ## - GENERAL NOTE
General note
650 ## - SUBJECT ADDED ENTRY--TOPICAL TERM
Topical term or geographic name as entry element Hinduism
Chronological subdivision
9 (RLIN) 91320
650 ## - SUBJECT ADDED ENTRY--TOPICAL TERM
Topical term or geographic name as entry element Hindus
9 (RLIN) 91321
700 ## - ADDED ENTRY--PERSONAL NAME
Personal name Ruhela, S.P
9 (RLIN) 10284
942 ## - ADDED ENTRY ELEMENTS (KOHA)
Source of classification or shelving scheme Dewey Decimal Classification
Koha item type English Books
Classification part 239
Call number suffix WHA
Holdings
Withdrawn status Lost status Source of classification or shelving scheme Damaged status Not for loan Collection code Home library Current library Date acquired Source of acquisition Cost, normal purchase price Total Checkouts Total Renewals Full call number Barcode Date last seen Date checked out Copy number Cost, replacement price Price effective from Koha item type
    Dewey Decimal Classification     Non-fiction Central Library Central Library 17/06/2015 Cen Lib/Ret 80.00 13 8 239 WHA A-770264 13/08/2024 01/07/2024 1 80.00 17/06/2015 English Books

© Delhi Public Library
Hit Counter
free hit counter